[Event "DEM U16 2021"]
[Site "Willingen GER"]
[Date "2021.08.29"]
[Round "9"]
[White "Farokhi, Keyvan"]
[Black "Haufe, Laurin"]
[Result "1-0"]
[Termination "normal"]
[Board "5"]
[WhiteElo "2045"]
[BlackElo "2013"]
[WhiteClock "00:21:10"]
[BlackClock "00:33:24"]
[PlyCount "97"]
[WhiteFideId "12998630"]
[BlackFideId "12976504"]
[EventCountry "GER"]
[EventRounds "9"]
[EventType "swiss"]
[EventDate "2021.08.22"]

1. e4 {[%clk 1:30:51]} c5 {[%clk 1:30:53]} 2. Nf3 {[%clk 1:31:13]} Nf6 {[%clk
1:31:18]} 3. e5 {[%clk 1:31:16]} Nd5 {[%clk 1:31:44]} 4. Nc3 {[%clk 1:31:41]}
Nxc3 {[%clk 1:31:33]} 5. dxc3 {[%clk 1:32:03]} Nc6 {[%clk 1:28:51]} 6. Bd3
{[%clk 1:28:04]} Qc7 {[%clk 1:25:51]} 7. Bf4 {[%clk 1:28:12]} e6 {[%clk
1:14:19]} 8. Qe2 {[%clk 1:22:08]} b6 {[%clk 1:12:57]} 9. O-O-O {[%clk 1:21:51]}
Bb7 {[%clk 1:11:51]} 10. Ng5 {[%clk 1:04:14]} Be7 {[%clk 0:54:13]} 11. Nxh7
{[%clk 0:46:24]} g6 {[%clk 0:38:43]} 12. Ng5 {[%clk 0:44:38]} Bxg5 {[%clk
0:36:58]} 13. Bxg5 {[%clk 0:45:02]} Qxe5 {[%clk 0:36:43]} 14. Qd2 {[%clk
0:43:59]} d5 {[%clk 0:34:18]} 15. Rhe1 {[%clk 0:42:02]} Qd6 {[%clk 0:32:14]}
16. h4 {[%clk 0:34:15]} a6 {[%clk 0:20:32]} 17. g4 {[%clk 0:32:03]} Ne5 {[%clk
0:11:56]} 18. Be2 {[%clk 0:30:47]} Nd7 {[%clk 0:11:48]} 19. h5 {[%clk 0:28:31]}
gxh5 {[%clk 0:11:29]} 20. gxh5 {[%clk 0:28:51]} f6 {[%clk 0:11:53]} 21. Bh6
{[%clk 0:17:27]} O-O-O {[%clk 0:11:49]} 22. Bg7 {[%clk 0:17:39]} Rhg8 {[%clk
0:10:43]} 23. h6 {[%clk 0:17:58]} Qe7 {[%clk 0:08:10]} 24. f4 {[%clk 0:16:14]}
f5 {[%clk 0:07:05]} 25. Bf3 {[%clk 0:15:44]} Nf6 {[%clk 0:06:56]} 26. Rh1
{[%clk 0:14:37]} Rxg7 {[%clk 0:04:18]} 27. hxg7 {[%clk 0:14:59]} Qxg7 {[%clk
0:04:43]} 28. Qe3 {[%clk 0:13:43]} Ne4 {[%clk 0:04:30]} 29. Rhg1 {[%clk
0:11:58]} Qd7 {[%clk 0:04:09]} 30. Rg6 {[%clk 0:10:05]} Qc6 {[%clk 0:03:07]}
31. Bxe4 {[%clk 0:09:23]} fxe4 {[%clk 0:03:19]} 32. f5 {[%clk 0:09:06]} Qa4
{[%clk 0:03:25]} 33. fxe6 {[%clk 0:09:21]} d4 {[%clk 0:02:56]} 34. e7 {[%clk
0:06:56]} Re8 {[%clk 0:02:35]} 35. cxd4 {[%clk 0:07:09]} Qxa2 {[%clk 0:02:36]}
36. Qh3+ {[%clk 0:06:47]} Kb8 {[%clk 0:02:54]} 37. Qd7 {[%clk 0:05:29]} Qa1+
{[%clk 0:02:26]} 38. Kd2 {[%clk 0:05:52]} e3+ {[%clk 0:02:52]} 39. Ke1 {[%clk
0:06:08]} Qxb2 {[%clk 0:02:16]} 40. Qxe8+ {[%clk 0:05:24]} Ka7 {[%clk 0:02:39]}
41. Qb8+ {[%clk 0:21:05]} Kxb8 {[%clk 0:33:02]} 42. e8=Q+ {[%clk 0:21:29]} Ka7
{[%clk 0:33:26]} 43. Qxe3 {[%clk 0:21:53]} Qxc2 {[%clk 0:33:38]} 44. Rg7 {[%clk
0:21:12]} Qc4 {[%clk 0:32:06]} 45. Qe4 {[%clk 0:19:49]} Qc3+ {[%clk 0:32:13]}
46. Rd2 {[%clk 0:20:05]} Qc1+ {[%clk 0:32:32]} 47. Ke2 {[%clk 0:20:26]} Qc4+
{[%clk 0:32:57]} 48. Kf2 {[%clk 0:20:47]} a5 {[%clk 0:33:24]} 49. Qxb7# {[%clk
0:21:10]} 1-0

[Event "DEM U16 2021"]
[Site "Willingen GER"]
[Date "2021.08.29"]
[Round "9"]
[White "Musiolik, David"]
[Black "Gallasch, Jonas"]
[Result "1-0"]
[Termination "normal"]
[Board "6"]
[WhiteElo "2286"]
[BlackElo "2046"]
[WhiteClock "00:04:36"]
[BlackClock "00:02:52"]
[PlyCount "151"]
[WhiteFideId "12972355"]
[BlackFideId "16222474"]
[EventCountry "GER"]
[EventRounds "9"]
[EventType "swiss"]
[EventDate "2021.08.22"]

1. Nf3 Nf6 2. b3 g6 3. Bb2 Bg7 4. g3 d5 5. c4 O-O 6. cxd5 Nxd5 7. Bxg7 Kxg7 8.
Bg2 Nc6 9. Nc3 e5 10. O-O Nxc3 11. dxc3 e4 12. Nd4 Nxd4 13. cxd4 f5 14. d5 b6
15. Qd4+ Kg8 16. f3 exf3 17. Rxf3 c5 18. Qf4 Re8 19. Rd3 Qf6 20. Rf1 Ba6 21.
Rd2 Qe5 22. d6 Qxf4 23. gxf4 Rad8 24. Bc6 Rxe2 25. Rfd1 Rxd2 26. Rxd2 Kf7 27.
d7 Ke6 28. Rd1 Be2 29. Rd2 Ba6 30. Kf2 Ke7 31. Rd1 h6 32. h4 Ke6 33. Ke3 h5 34.
a3 Ke7 35. Rd2 Bf1 36. Rd5 Ba6 37. Kd2 Bf1 38. Kc3 a5 39. Re5+ Kd6 40. Re8 Kc7
41. b4 axb4+ 42. axb4 cxb4+ 43. Kxb4 Rxd7 44. Bxd7 Kxd7 45. Re1 Ba6 46. Ra1 Be2
47. Ra2 Bf1 48. Kc3 Kc6 49. Kd4 Kb5 50. Ra1 Be2 51. Re1 Bg4 52. Re6 Ka5 53.
Rxg6 Be2 54. Re6 Bg4 55. Kc4 Ka6 56. Re7 Bf3 57. Re3 Bg4 58. Ra3+ Kb7 {normal}
59. Kd5 Be2 60. Kd6 Bd1 61. Re3 Bg4 62. Re7+ Ka6 63. Kc7 Ka5 64. Re1 b5 65. Kc6
Kb4 66. Rb1+ Kc4 67. Rxb5 Kd4 68. Re5 Bf3+ 69. Kd6 Be4 70. Re7 Ke3 71. Ke5 Kf3
72. Rg7 Bd3 73. Rg5 Be4 74. Rxf5 Bxf5 75. Kxf5 Kg3 76. Kg5 1-0

[Event "DEM U16 2021"]
[Site "Willingen GER"]
[Date "2021.08.29"]
[Round "9"]
[White "Weihrauch, Jakob"]
[Black "Arakelian, Aik"]
[Result "1/2-1/2"]
[Termination "normal"]
[Board "7"]
[WhiteElo "2137"]
[BlackElo "2052"]
[WhiteClock "00:08:33"]
[BlackClock "00:21:42"]
[PlyCount "91"]
[WhiteFideId "16210115"]
[BlackFideId "16220340"]
[EventCountry "GER"]
[EventRounds "9"]
[EventType "swiss"]
[EventDate "2021.08.22"]

1. e4 {[%clk 1:30:58]} c5 {[%clk 1:30:34]} 2. Nf3 {[%clk 1:31:19]} d6 {[%clk
1:30:34]} 3. d4 {[%clk 1:31:34]} cxd4 {[%clk 1:30:46]} 4. Nxd4 {[%clk 1:31:57]}
Nf6 {[%clk 1:31:05]} 5. Nc3 {[%clk 1:32:20]} a6 {[%clk 1:30:15]} 6. h3 {[%clk
1:30:33]} e6 {[%clk 1:28:02]} 7. g4 {[%clk 1:30:39]} h6 {[%clk 1:28:23]} 8. Bg2
{[%clk 1:30:09]} g5 {[%clk 1:28:14]} 9. Be3 {[%clk 1:28:30]} Nbd7 {[%clk
1:28:25]} 10. h4 {[%clk 0:57:44]} Rg8 {[%clk 1:25:53]} 11. hxg5 {[%clk
0:56:40]} hxg5 {[%clk 1:26:13]} 12. f3 {[%clk 0:53:51]} Ne5 {[%clk 1:19:26]}
13. Qe2 {[%clk 0:51:47]} b5 {[%clk 1:08:48]} 14. a4 {[%clk 0:38:54]} b4 {[%clk
0:41:40]} 15. Na2 {[%clk 0:35:30]} Qa5 {[%clk 0:38:34]} 16. Nb3 {[%clk
0:27:39]} Qc7 {[%clk 0:33:13]} 17. Bd4 {[%clk 0:15:53]} a5 {[%clk 0:30:03]} 18.
Qf2 {[%clk 0:14:57]} Nfd7 {[%clk 0:28:34]} 19. Bf1 {[%clk 0:13:52]} Ba6 {[%clk
0:26:58]} 20. Bxa6 {[%clk 0:13:21]} Rxa6 {[%clk 0:27:26]} 21. Bxe5 {[%clk
0:11:10]} Nxe5 {[%clk 0:25:01]} 22. Nd4 {[%clk 0:09:51]} Qc4 {[%clk 0:21:59]}
23. Nb5 {[%clk 0:08:35]} Rc6 24. Kd1 {[%clk 0:05:54]} Nxf3 {[%clk 0:16:12]} 25.
Qxf3 {[%clk 0:05:53]} Qxc2+ {[%clk 0:16:35]} 26. Ke1 {[%clk 0:06:23]} Qxb2
{[%clk 0:16:12]} 27. Rd1 {[%clk 0:06:02]} Qxa2 {[%clk 0:15:53]} 28. e5 {[%clk
0:05:14]} d5 {[%clk 0:14:33]} 29. Rh7 {[%clk 0:05:38]} Rg7 {[%clk 0:14:01]} 30.
Rh8 {[%clk 0:04:29]} f6 {[%clk 0:07:31]} 31. exf6 {[%clk 0:02:31]} Rf7 {[%clk
0:07:17]} 32. Qg3 {[%clk 0:02:48]} Qc2 {[%clk 0:03:44]} 33. Qb8+ {[%clk
0:02:34]} Rc8 {[%clk 0:03:37]} 34. Nd6+ {[%clk 0:02:06]} Kd7 {[%clk 0:04:06]}
35. Qxc8+ {[%clk 0:01:22]} Qxc8 {[%clk 0:04:29]} 36. Nxc8 {[%clk 0:01:50]} Kxc8
{[%clk 0:04:51]} 37. Ke2 {[%clk 0:02:17]} Kd7 {[%clk 0:04:37]} 38. Rf1 {[%clk
0:02:32]} b3 {[%clk 0:02:35]} 39. Kd3 {[%clk 0:01:05]} b2 {[%clk 0:02:00]} 40.
Kc2 {[%clk 0:00:54]} Bd6 {[%clk 0:01:51]} 41. Ra8 {[%clk 0:19:27]} Bf4 {[%clk
0:23:12]} 42. Ra7+ {[%clk 0:17:18]} Ke8 {[%clk 0:23:28]} 43. Ra8+ {[%clk
0:17:47]} Kd7 {[%clk 0:23:39]} 44. Kxb2 {[%clk 0:08:35]} Rxf6 {[%clk 0:23:11]}
45. Kc2 {[%clk 0:08:28]} Rh6 {[%clk 0:21:42]} 46. Rxa5 {[%clk 0:08:33]} 1/2-1/2

[Event "DEM U16 2021"]
[Site "Willingen GER"]
[Date "2021.08.29"]
[Round "9"]
[White "Ponomarev, Maximilian"]
[Black "Eilenberg, Jonas"]
[Result "1/2-1/2"]
[Termination "normal"]
[Board "8"]
[WhiteElo "1940"]
[BlackElo "2087"]
[WhiteClock "00:01:51"]
[BlackClock "00:00:47"]
[PlyCount "64"]
[WhiteFideId "16216768"]
[BlackFideId "16204271"]
[EventCountry "GER"]
[EventRounds "9"]
[EventType "swiss"]
[EventDate "2021.08.22"]

1. d4 {[%clk 1:30:45]} Nf6 {[%clk 1:29:58]} 2. c4 {[%clk 1:30:35]} e6 {[%clk
1:29:36]} 3. Nc3 {[%clk 1:30:27]} Bb4 {[%clk 1:29:19]} 4. Qc2 {[%clk 1:30:49]}
d5 {[%clk 1:27:23]} 5. cxd5 {[%clk 1:27:16]} exd5 {[%clk 1:26:12]} 6. Bg5
{[%clk 1:22:35]} O-O {[%clk 1:18:17]} 7. e3 {[%clk 1:21:11]} c6 {[%clk
1:13:12]} 8. Bd3 {[%clk 1:19:26]} h6 {[%clk 1:13:07]} 9. Bh4 {[%clk 1:18:59]}
Nbd7 {[%clk 1:08:54]} 10. Nge2 {[%clk 1:17:10]} Re8 {[%clk 1:06:55]} 11. O-O
{[%clk 1:16:41]} Bd6 {[%clk 1:00:39]} 12. Bg3 {[%clk 1:08:02]} Nf8 {[%clk
0:56:47]} 13. a3 a5 {[%clk 0:52:23]} 14. Rae1 {[%clk 0:38:47]} h5 {[%clk
0:33:09]} 15. Bxd6 {[%clk 0:33:59]} Qxd6 {[%clk 0:33:33]} 16. Ng3 {[%clk
0:32:16]} h4 {[%clk 0:26:13]} 17. Nf5 {[%clk 0:32:12]} Bxf5 {[%clk 0:26:22]}
18. Bxf5 {[%clk 0:32:36]} g6 {[%clk 0:24:21]} 19. Bh3 {[%clk 0:28:10]} N8h7
{[%clk 0:22:44]} 20. f4 {[%clk 0:23:53]} Ne4 {[%clk 0:21:30]} 21. Nxe4 {[%clk
0:21:53]} Rxe4 {[%clk 0:21:40]} 22. Qf2 {[%clk 0:22:10]} Rae8 {[%clk 0:18:30]}
23. Re2 {[%clk 0:15:44]} c5 24. dxc5 {[%clk 0:12:59]} Qxc5 {[%clk 0:14:41]} 25.
Qxh4 {[%clk 0:13:19]} Rxe3 {[%clk 0:13:52]} 26. Qf2 {[%clk 0:13:07]} d4 {[%clk
0:11:10]} 27. Rc2 {[%clk 0:11:00]} Qd6 {[%clk 0:07:58]} 28. f5 {[%clk 0:07:25]}
g5 {[%clk 0:07:47]} 29. f6 {[%clk 0:02:48]} d3 {[%clk 0:04:30]} 30. Rc8 {[%clk
0:02:20]} Re2 {[%clk 0:01:52]} 31. Rxe8+ {[%clk 0:01:41]} Rxe8 {[%clk 0:02:21]}
32. Bf5 {[%clk 0:01:51]} d2 {[%clk 0:00:47]} 1/2-1/2

[Event "DEM U16 2021"]
[Site "Willingen GER"]
[Date "2021.08.29"]
[Round "9"]
[White "Müller, Magnus"]
[Black "Rohde, Niclas"]
[Result "1/2-1/2"]
[Termination "normal"]
[Board "10"]
[WhiteElo "2147"]
[BlackElo "1591"]
[WhiteClock "00:52:20"]
[BlackClock "00:03:23"]
[PlyCount "89"]
[WhiteFideId "16230060"]
[BlackFideId "16230205"]
[EventCountry "GER"]
[EventRounds "9"]
[EventType "swiss"]
[EventDate "2021.08.22"]

1. e4 {[%clk 1:30:47]} c5 {[%clk 1:30:46]} 2. Nf3 {[%clk 1:31:11]} d6 {[%clk
1:31:08]} 3. d4 {[%clk 1:31:35]} cxd4 {[%clk 1:31:31]} 4. Qxd4 {[%clk 1:32:02]}
Nc6 {[%clk 1:29:38]} 5. Bb5 {[%clk 1:32:27]} Bd7 {[%clk 1:27:20]} 6. Bxc6
{[%clk 1:32:51]} Bxc6 {[%clk 1:25:32]} 7. Nc3 {[%clk 1:33:16]} Nf6 {[%clk
1:25:03]} 8. Bg5 {[%clk 1:33:42]} e6 {[%clk 1:21:06]} 9. O-O-O {[%clk 1:34:04]}
Be7 {[%clk 1:20:27]} 10. Qd3 {[%clk 1:34:30]} Qc7 {[%clk 1:17:27]} 11. Nd4
{[%clk 1:34:48]} a6 {[%clk 1:13:41]} 12. f4 {[%clk 1:35:11]} O-O-O {[%clk
0:52:42]} 13. Kb1 {[%clk 1:33:55]} d5 {[%clk 0:44:31]} 14. e5 {[%clk 1:32:13]}
Ng8 {[%clk 0:44:28]} 15. Bxe7 {[%clk 1:21:39]} Nxe7 {[%clk 0:45:15]} 16. h4
{[%clk 1:22:34]} h5 {[%clk 0:39:10]} 17. Rh3 {[%clk 1:22:25]} g6 {[%clk
0:36:20]} 18. Nce2 {[%clk 1:22:46]} Kb8 {[%clk 0:34:11]} 19. Qa3 {[%clk
1:20:30]} Rc8 {[%clk 0:28:35]} 20. Rb3 {[%clk 1:18:50]} Bb5 {[%clk 0:22:17]}
21. Rc3 {[%clk 1:13:39]} Qd7 {[%clk 0:22:23]} 22. Nxb5 {[%clk 1:13:45]} Qxb5
{[%clk 0:22:08]} 23. Qd6+ {[%clk 1:13:56]} Ka8 {[%clk 0:22:13]} 24. Nd4 {[%clk
1:13:45]} Qe8 {[%clk 0:22:08]} 25. Rdd3 {[%clk 1:09:09]} Nf5 {[%clk 0:16:51]}
26. Nxf5 {[%clk 1:07:23]} gxf5 {[%clk 0:17:08]} 27. Rxc8+ {[%clk 1:07:37]} Qxc8
{[%clk 0:17:29]} 28. Rc3 {[%clk 1:07:56]} Qd8 {[%clk 0:14:47]} 29. Qxd8+ {[%clk
1:08:00]} Rxd8 {[%clk 0:15:12]} 30. Rg3 {[%clk 1:08:27]} Ka7 {[%clk 0:12:43]}
31. Kc1 {[%clk 1:08:40]} Kb6 {[%clk 0:12:06]} 32. Kd2 {[%clk 1:09:06]} Kc5
{[%clk 0:11:11]} 33. Rg5 {[%clk 1:09:04]} Rh8 {[%clk 0:11:17]} 34. Rg7 {[%clk
1:09:06]} Rf8 {[%clk 0:11:24]} 35. Ke3 {[%clk 1:09:07]} b6 {[%clk 0:08:52]} 36.
Rh7 {[%clk 1:09:09]} d4+ {[%clk 0:07:24]} 37. Kd3 {[%clk 1:02:03]} Rg8 {[%clk
0:07:01]} 38. Rxf7 {[%clk 1:02:27]} Rg3+ {[%clk 0:07:24]} 39. Ke2 {[%clk
1:02:00]} Rxg2+ {[%clk 0:07:04]} 40. Kf3 {[%clk 1:02:27]} Rh2 {[%clk 0:03:29]}
41. Rc7+ {[%clk 0:59:02]} Kd5 {[%clk 0:02:34]} 42. Rd7+ {[%clk 0:56:45]} Kc5
{[%clk 0:02:56]} 43. Rc7+ {[%clk 0:51:55]} Kd5 {[%clk 0:03:00]} 44. Rd7+ {[%clk
0:51:56]} Kc5 {[%clk 0:03:23]} 45. Rc7+ {[%clk 0:52:20]} 1/2-1/2

[Event "DEM U16 2021"]
[Site "Willingen GER"]
[Date "2021.08.29"]
[Round "9"]
[White "Chassard, Cedric"]
[Black "Bornholdt, Joa Max"]
[Result "1/2-1/2"]
[Termination "normal"]
[Board "11"]
[WhiteElo "1971"]
[BlackElo "1993"]
[WhiteClock "00:05:05"]
[BlackClock "00:12:53"]
[PlyCount "70"]
[WhiteFideId "16243536"]
[BlackFideId "16253477"]
[EventCountry "GER"]
[EventRounds "9"]
[EventType "swiss"]
[EventDate "2021.08.22"]

1. e4 {[%clk 1:30:56]} c5 {[%clk 1:30:54]} 2. Nf3 {[%clk 1:31:21]} Nf6 {[%clk
1:31:20]} 3. e5 {[%clk 1:31:09]} Nd5 {[%clk 1:31:44]} 4. Nc3 {[%clk 1:31:02]}
e6 {[%clk 1:32:08]} 5. Ne4 {[%clk 1:31:03]} f5 {[%clk 1:32:23]} 6. Nc3 {[%clk
1:30:58]} Nxc3 {[%clk 1:32:38]} 7. dxc3 {[%clk 1:31:08]} Nc6 {[%clk 1:32:58]}
8. Bc4 {[%clk 1:28:58]} Be7 {[%clk 1:32:30]} 9. Bf4 {[%clk 1:15:46]} O-O {[%clk
1:30:27]} 10. h4 {[%clk 1:15:20]} a6 {[%clk 1:27:11]} 11. a4 {[%clk 1:02:53]}
Rb8 {[%clk 1:25:42]} 12. Be2 {[%clk 1:00:02]} b5 {[%clk 1:24:33]} 13. b3 {[%clk
0:50:54]} Qc7 {[%clk 1:18:00]} 14. Qd2 {[%clk 0:46:27]} Rd8 {[%clk 1:13:17]}
15. O-O {[%clk 0:42:42]} Qb6 {[%clk 0:57:42]} 16. Rfd1 {[%clk 0:36:23]} Bb7
{[%clk 0:50:58]} 17. Qd3 {[%clk 0:26:16]} Ba8 {[%clk 0:48:33]} 18. Bg5 {[%clk
0:22:56]} Qc7 {[%clk 0:44:20]} 19. Qe3 {[%clk 0:19:34]} Rf8 {[%clk 0:40:30]}
20. Bf4 {[%clk 0:17:29]} Nd8 {[%clk 0:36:34]} 21. h5 {[%clk 0:14:48]} Nf7
{[%clk 0:35:00]} 22. c4 {[%clk 0:13:25]} b4 {[%clk 0:32:16]} 23. Rd2 {[%clk
0:12:34]} Bc6 {[%clk 0:31:48]} 24. Rad1 {[%clk 0:12:41]} Kh8 {[%clk 0:30:23]}
25. Ne1 {[%clk 0:11:47]} Rbd8 {[%clk 0:28:03]} 26. Bf3 {[%clk 0:11:28]} Rg8
{[%clk 0:26:30]} 27. Bxc6 {[%clk 0:10:53]} dxc6 {[%clk 0:25:50]} 28. Rxd8
{[%clk 0:09:35]} Rxd8 {[%clk 0:26:15]} 29. Rd3 {[%clk 0:08:38]} Rxd3 {[%clk
0:22:34]} 30. Nxd3 {[%clk 0:07:27]} Qb6 {[%clk 0:14:58]} 31. Bg3 {[%clk
0:06:24]} Nd8 {[%clk 0:14:38]} 32. f3 {[%clk 0:05:45]} Kg8 {[%clk 0:14:17]} 33.
Bf2 {[%clk 0:05:47]} Nb7 {[%clk 0:14:40]} 34. Be1 {[%clk 0:05:12]} Qd8 {[%clk
0:14:34]} 35. Bf2 {[%clk 0:05:05]} Qe8 {[%clk 0:12:53]} 1/2-1/2

[Event "DEM U16 2021"]
[Site "Willingen GER"]
[Date "2021.08.29"]
[Round "9"]
[White "Kulm, Justin"]
[Black "Albert, Markus"]
[Result "0-1"]
[Termination "normal"]
[Board "12"]
[WhiteElo "1628"]
[BlackElo "1951"]
[WhiteClock "00:15:15"]
[BlackClock "00:28:35"]
[PlyCount "52"]
[WhiteFideId "34603565"]
[BlackFideId "16292626"]
[EventCountry "GER"]
[EventRounds "9"]
[EventType "swiss"]
[EventDate "2021.08.22"]

1. Nf3 {[%clk 1:30:50]} d6 {[%clk 1:30:56]} 2. d4 {[%clk 1:31:04]} Bg4 {[%clk
1:31:16]} 3. c4 {[%clk 1:30:12]} Nd7 {[%clk 1:31:19]} 4. Nc3 {[%clk 1:29:11]}
e5 {[%clk 1:31:16]} 5. dxe5 {[%clk 1:27:47]} dxe5 {[%clk 1:31:20]} 6. h3 {[%clk
1:23:35]} Bh5 {[%clk 1:29:54]} 7. e4 {[%clk 1:20:47]} c6 {[%clk 1:29:00]} 8.
Be2 {[%clk 1:19:10]} Ngf6 {[%clk 1:26:27]} 9. a3 {[%clk 1:15:38]} Qc7 {[%clk
1:25:03]} 10. Qc2 {[%clk 1:14:43]} a5 {[%clk 1:22:11]} 11. O-O {[%clk 1:09:30]}
h6 {[%clk 1:18:58]} 12. Be3 {[%clk 1:06:01]} Bc5 {[%clk 1:18:07]} 13. Bxc5
{[%clk 1:04:31]} Nxc5 {[%clk 1:17:11]} 14. b4 {[%clk 1:04:09]} Ne6 {[%clk
1:06:28]} 15. Nd2 {[%clk 0:42:54]} Nd4 {[%clk 1:00:08]} 16. Qd3 {[%clk
0:40:26]} Rd8 {[%clk 0:57:40]} 17. Bxh5 {[%clk 0:38:28]} Nxh5 {[%clk 0:55:58]}
18. Qb1 {[%clk 0:35:21]} O-O {[%clk 0:52:20]} 19. Nb3 {[%clk 0:33:37]} axb4
{[%clk 0:42:07]} 20. axb4 {[%clk 0:33:29]} Nf4 {[%clk 0:42:16]} 21. Qb2 {[%clk
0:30:35]} Nxb3 {[%clk 0:33:38]} 22. Qxb3 {[%clk 0:30:53]} Rd3 {[%clk 0:33:56]}
23. Rfe1 {[%clk 0:28:50]} Qe7 {[%clk 0:29:21]} 24. Kh2 {[%clk 0:18:02]} Qh4
{[%clk 0:28:20]} 25. Re3 {[%clk 0:16:20]} Qxf2 {[%clk 0:28:19]} 26. Ra2 {[%clk
0:15:15]} Qxe3 {[%clk 0:28:35]} 0-1

[Event "DEM U16 2021"]
[Site "Willingen GER"]
[Date "2021.08.29"]
[Round "9"]
[White "Alhamid, Mohamad"]
[Black "Tovmasyan, Minas"]
[Result "1-0"]
[Termination "normal"]
[Board "13"]
[WhiteElo "1652"]
[BlackElo "1869"]
[WhiteClock "00:24:22"]
[BlackClock "00:00:40"]
[PlyCount "97"]
[WhiteFideId "16235665"]
[BlackFideId "16247620"]
[EventCountry "GER"]
[EventRounds "9"]
[EventType "swiss"]
[EventDate "2021.08.22"]

1. e4 {[%clk 1:30:58]} c5 {[%clk 1:30:41]} 2. Nf3 {[%clk 1:31:24]} d6 {[%clk
1:31:01]} 3. d4 {[%clk 1:31:51]} cxd4 {[%clk 1:31:25]} 4. Nxd4 {[%clk 1:32:15]}
Nf6 {[%clk 1:31:48]} 5. Nc3 {[%clk 1:32:41]} a6 {[%clk 1:32:13]} 6. h3 {[%clk
1:32:57]} e6 {[%clk 1:31:49]} 7. g4 {[%clk 1:31:50]} h6 {[%clk 1:29:09]} 8. Bg2
{[%clk 1:32:00]} Be7 {[%clk 1:28:34]} 9. Be3 {[%clk 1:32:10]} Qc7 {[%clk
1:28:01]} 10. Qe2 {[%clk 1:31:03]} Bd7 {[%clk 1:06:22]} 11. O-O {[%clk
1:31:03]} Nc6 {[%clk 1:05:22]} 12. Rad1 {[%clk 1:23:11]} Na5 {[%clk 0:55:57]}
13. Nb1 {[%clk 1:06:44]} Rc8 {[%clk 0:54:26]} 14. c3 {[%clk 1:05:32]} e5 {[%clk
0:38:07]} 15. Nf5 {[%clk 0:58:46]} Bb5 {[%clk 0:32:37]} 16. Qf3 {[%clk
0:52:50]} Bxf1 {[%clk 0:31:05]} 17. Bxf1 {[%clk 0:52:38]} Kf8 {[%clk 0:20:09]}
18. Nd2 {[%clk 0:51:37]} b5 {[%clk 0:19:18]} 19. h4 {[%clk 0:43:52]} Ng8 {[%clk
0:08:20]} 20. a4 {[%clk 0:37:46]} Nc4 {[%clk 0:05:46]} 21. axb5 {[%clk
0:36:12]} axb5 {[%clk 0:05:11]} 22. Nxc4 {[%clk 0:32:19]} bxc4 {[%clk 0:05:37]}
23. h5 {[%clk 0:32:24]} Nf6 {[%clk 0:03:48]} 24. Ra1 {[%clk 0:32:14]} Rb8
{[%clk 0:02:28]} 25. Bc1 {[%clk 0:27:36]} Qc6 {[%clk 0:01:15]} 26. Ra7 {[%clk
0:26:18]} Re8 {[%clk 0:01:14]} 27. Bg2 {[%clk 0:20:04]} Bd8 {[%clk 0:01:24]}
28. Qd1 {[%clk 0:19:16]} Bb6 {[%clk 0:01:15]} 29. Ra2 {[%clk 0:17:36]} Bc5
{[%clk 0:01:04]} 30. Qf3 {[%clk 0:17:06]} Kg8 {[%clk 0:00:39]} 31. Nxh6+ {[%clk
0:17:09]} gxh6 {[%clk 0:01:07]} 32. Qxf6 {[%clk 0:17:21]} Re6 {[%clk 0:01:21]}
33. Qf3 {[%clk 0:16:23]} Kg7 {[%clk 0:01:11]} 34. g5 {[%clk 0:15:55]} hxg5
{[%clk 0:00:55]} 35. Bxg5 {[%clk 0:16:20]} Qd7 {[%clk 0:00:32]} 36. Bh3 {[%clk
0:16:26]} f6 {[%clk 0:00:34]} 37. h6+ {[%clk 0:15:30]} Kf7 {[%clk 0:00:42]} 38.
Qh5+ {[%clk 0:15:19]} Ke7 {[%clk 0:01:02]} 39. Qg6 {[%clk 0:14:22]} Rf8 {[%clk
0:01:13]} 40. h7 {[%clk 0:12:24]} Bxf2+ {[%clk 0:01:13]} 41. Kh1 {[%clk
0:09:46]} Qb7 {[%clk 0:20:10]} 42. Bf5 {[%clk 0:37:56]} Qb3 {[%clk 0:14:26]}
43. Ra1 {[%clk 0:31:46]} Qxb2 {[%clk 0:13:46]} 44. Rd1 {[%clk 0:31:59]} Qxc3
{[%clk 0:05:19]} 45. Bg4 {[%clk 0:30:41]} Qg3 {[%clk 0:04:57]} 46. Rb1 {[%clk
0:24:21]} Kd7 {[%clk 0:00:32]} 47. Qg7+ {[%clk 0:24:01]} Kc6 {[%clk 0:01:00]}
48. Qb7+ {[%clk 0:24:22]} Kc5 {[%clk 0:00:40]} 49. Qb6# 1-0